Statistiques concernant Tous les joueurs de Manchester United depuis 2010

Cliquez ici pour prendre le quiz!

Statistiques générales

  • Ce quiz a été pris 63 fois
    (9 depuis la dernière actualisation)
  • Le résultat moyen est 86 sur 147

Statistiques - réponses

Poste(s)NationalitéSaison(s)Réponse% Correct
AttaquantChili2018-2020Alexis Sánchez
100%
GardienCameroun2023-Andre Onana
100%
AttaquantFrance2015-Anthony Martial
100%
DéfenseurÉquateur2009-2019Antonio Valencia
100%
Milieu/attaquantBrésil2022-Antony
100%
MilieuPortugal2020-Bruno Fernandes
100%
MilieuDanemark2022-Christian Eriksen
100%
AttaquantPortugal2003-2009
2021-2022
Cristiano Ronaldo
100%
GardienEspagne2011-2023David de Gea
100%
DéfenseurPortugal2018-Diogo Dalot
100%
AttaquantUruguay2020-2022Edinson Cavani
100%
GardienPays Bas2005-2011Edwin van der Sar
100%
MilieuBrésil2018-2023Fred
100%
DéfenseurAngleterre2019-Harry Maguire
100%
DéfenseurAngleterre2014-Luke Shaw
100%
AttaquantAngleterre2016-Marcus Rashford
100%
MilieuBelgique2013-2019Marouane Fellaini
100%
MilieuAngleterre2023-Mason Mount
100%
MilieuMaroc2023-Nordin Amrabat
100%
DéfenseurFrance2006-2014Patrice Évra
100%
MilieuFrance2011-2012
2016-2022
Paul Pogba
100%
DéfenseurFrance2021-Raphaël Varane
100%
DéfenseurAngleterre2002-2014Rio Ferdinand
100%
AttaquantPays Bas2012-2015Robin van Persie
100%
MilieuPays de Galles1991-2014Ryan Giggs
100%
MilieuÉcosse2017-Scott McTominay
100%
AttaquantSuéde2016-2018Zlatan Ibrahimović
100%
DéfenseurAngleterre2019-Aaron Wan-Bissaka
80%
Milieu/attaquantCôte d’Ivoire2021-Amad Diallo
80%
MilieuEspagne2014-2019Ander Herrera
80%
Milieu/attaquantArgentine2014-2015Ángel Di María
80%
DéfenseurAngleterre2010-2019Chris Smalling
80%
DéfenseurPays Bas2014-2018Daley Blind
80%
MilieuPays Bas2020-Donny van de Beek
80%
DéfenseurCôte d’Ivoire2016-2023Éric Bailly
80%
AttaquantColombie2014-2015Falcao
80%
MilieuTunisie2021-Hannibal Mejbri
80%
MilieuArménie2016-2018Henrikh Mkhitaryan
80%
Milieu/attaquantAngleterre2021-Jadon Sancho
80%
AttaquantMexique2010-2015Javier Hernández
80%
MilieuAngleterre2022-Kobbie Mainoo
80%
DéfenseurArgentine2022-Lisandro Martinez
80%
DéfenseurArgentine2014-2021Marcos Rojo
80%
DéfenseurItalie2015-2019Matteo Darmian
80%
AttaquantPays Bas2015-2017Memphis Depay
80%
MilieuFrance2015-2017Morgan Schneiderlin
80%
DéfenseurSerbie2006-2014Nemanja Vidić
80%
DéfenseurAngleterre2011-2023Phil Jones
80%
DéfenseurBrésil2008-2015Rafael
80%
AttaquantDanemark2023-Rasmus Højlund
80%
AttaquantBelgique2017-2019Romelu Lukaku
80%
GardienArgentine2015-2021Sergio Romero
80%
MilieuJapon2012-2014Shinji Kagawa
80%
DéfenseurPays Bas2022-Tyrell Malacia
80%
DéfenseurSuéde2017-Victor Lindelöf
80%
AttaquantAngleterre2004-2017Wayne Rooney
80%
Milieu/attaquantBelgique2013-2017Adnan Januzaj
60%
Milieu/attaquantArgentine2021-Alejandro Garnacho
60%
GardienTurquie2023-Altay Bayındır
60%
GardienDanemark2011-2015Anders Lindegaard
60%
MilieuBrésil2007-2015Anderson
60%
MilieuBrésil2014-2022Andreas Pereira
60%
AttaquantSuéde2021-2023Anthony Elanga
60%
DéfenseurAngleterre2011-2020Ashley Young
60%
DéfenseurAngleterre2017-2023Axel Tuanzebe
60%
MilieuAllemagne2015-2017Bastian Schweinsteiger
60%
GardienAngleterre2008-2015Ben Amos
60%
DéfenseurAngleterre2019-Brandon Williams
60%
MilieuBrésil2022-Casemiro
60%
AttaquantAngleterre2008-2014Danny Welbeck
60%
MilieuEcosse2002-2015Darren Fletcher
60%
GardienAngleterre2016-2023Dean Henderson
60%
AttaquantBulgarie2008-2012Dimitar Berbatov
60%
Milieu/attaquantUruguay2020-Facundo Pellistri
60%
MilieuFrance2009-2011Gabriel Obertan
60%
DéfenseurAngleterre1992-2011Gary Neville
60%
GardienPortugal2015-2021Joel Pereira
60%
DéfenseurIrlande du nord2006-2015Jonny Evans
60%
MilieuEspagne2014-2022Juan Mata
60%
GardienAngleterre2018-2022Lee Grant
60%
MilieuAutriche2022-2023Marcel Sabitzer
60%
Milieu/attaquantAngleterre2019-Mason Greenwood
60%
MilieuAngleterre2006-2018Michael Carrick
60%
DéfenseurAngleterre2011-2015Michael Keane
60%
MilieuSerbie2017-2022Nemanja Matić
60%
Milieu/attaquantCorée du sud2005-2012Park Ji-sung
60%
MilieuAngleterre1994-2013Paul Scholes
60%
GardienPologne2006-2012Tomasz Kuszczak
60%
MilieuAngleterre2009-2015Tom Cleverley
60%
GardienAngleterre2005-2010
2021-
Tom Heaton
60%
GardienEspagne2015-2016Víctor Valdés
60%
AttaquantIrlande2011-2016Will Keane
60%
DéfenseurPays Bas2012-2014Alexander Büttner
40%
DéfenseurBrésil2020-2023Alex Telles
40%
MilieuAngleterre2017-2020Angel Gomes
40%
MilieuPays de Galles2019-2021Daniel James
40%
MilieuIrlande2005-2012Darron Gibson
40%
DéfenseurBrésil2009-2014Fabio
40%
DéfenseurUruguay2013-2017Guillermo Varela
40%
MilieuAngleterre2019-2022James Garner
40%
MilieuAngleterre2012-2022Jesse Lingard
40%
DéfenseurIrlande1999-2011John O'Shea
40%
GardienSlovaquie2022-2023Martin Dúbravka
40%
AttaquantNigéria2020-2021Odion Ighalo
40%
MilieuAngleterre2023-Omari Forson
40%
MilieuAngleterre2007-2011Owen Hargreaves
40%
Milieu/attaquantPays Bas2019-2022Tahith Chong
40%
DéfenseurPays Bas2016-2021Timothy Fosu-Mensah
40%
DéfenseurAngleterre1998-2011Wes Brown
40%
DéfenseurFrance2023-Willy Kambwala
40%
AttaquantPays Bas2022-2023Wout Wheghorst
40%
MilieuÉgypte2021-2023Zidane Iqbal
40%
AttaquantCap Vert2010-2014Bebé
20%
DéfenseurAngleterre2015-2020Cameron Borthwick-Jackson
20%
MilieuAngleterre2021-2023Charlie Savage
20%
MilieuAngleterre2023-Dan Gore
20%
DéfenseurAngleterre2019-2023Di'Shon Bernard
20%
MilieuAngleterre2019-2022Dylan Levitt
20%
MilieuIrlande du nord2019-Ethan Galbraith
20%
DéfenseurAngleterre2019-2023Ethan Laird
20%
AttaquantAngleterre2024-Ethan Wheatley
20%
AttaquantItalie2009-2014Federico Macheda
20%
AttaquantAngleterre2014-2019James Wilson
20%
MilieuAngleterre2016-2017Josh Harrop
20%
AttaquantBelgique2019-2020Largie Ramazani
20%
AttaquantAngleterre2009-2012Michael Owen
20%
MilieuAngleterre2012-2016 | 2014-2022Nick Powell
20%
DéfenseurIrlande du nord2014-2016Paddy McNair
20%
DéfenseurPays de Galles2015-2019Regan Poole
20%
DéfenseurEspagne2023-Sergio Reguilón
20%
Milieu/attaquantAngleterre2021-Shola Shoretire
20%
DéfenseurAngleterre2019-2023Teden Mengi
20%
MilieuPays de Galles2013-2014Tom Lawrence
20%
DéfenseurAngleterre2013-2016Tyler Blackett
20%
Milieu/attaquantCôte d’Ivoire2013-2015Wilfried Zaha
20%
DéfenseurAngleterre2020-Will Fish
20%
AttaquantAngleterre2022-Charlie McNeill
0%
DéfenseurAngleterre2017-2020Demetri Mitchell
0%
AttaquantAngleterre2019-2022D'Mani Mellor
0%
DéfenseurEcosse2015-2016Donald Love
0%
DéfenseurAngleterre2011-2012Ezekiel Fryers
0%
MilieuAngleterre2014-2016James Weir
0%
AttaquantAngleterre2022-Joe Hugill
0%
DéfenseurAngleterre2016-2018Joe Riley
0%
DéfenseurAngleterre2014-2015Tom Thorpe
0%

Distribution des résultats

Percentile par nombre de réponses

% des personnes avec chaque résultat

Votre développement - résultats

Vous n’avez pas pris ce quiz depuis la dernière actualisation